Writing your dissertation : (Record no. 2186)

MARC details
000 -LEADER
fixed length control field 00654nam a22002172 4500
001 - CONTROL NUMBER
control field 0000003614
005 - DATE AND TIME OF LATEST TRANSACTION
control field 20151217145738.0
008 - FIXED-LENGTH DATA ELEMENTS--GENERAL INFORMATION
fixed length control field 070510s xx 000 0 eng d
020 ## - INTERNATIONAL STANDARD BOOK NUMBER
International Standard Book Number 185703662X :
Terms of availability KES 1,999
040 ## - CATALOGING SOURCE
Original cataloging agency KABU
Transcribing agency KABU
050 #0 - LIBRARY OF CONGRESS CALL NUMBER
Classification number LB2369
Item number .S94 2004
100 1# - MAIN ENTRY--PERSONAL NAME
Personal name Swetnam, Derek.
-- 0000153648
245 10 - TITLE STATEMENT
Title Writing your dissertation :
Remainder of title how to plan, Prepare and present successful work.
250 ## - EDITION STATEMENT
Edition statement 3rd ed.
260 ## - PUBLICATION, DISTRIBUTION, ETC. (IMPRINT)
Place of publication, distribution, etc. Oxford :
Name of publisher, distributor, etc. How To Books,
Date of publication, distribution, etc. 2004.
300 ## - PHYSICAL DESCRIPTION
Extent xii, 132 p.
650 #0 - SUBJECT ADDED ENTRY--TOPICAL TERM
Topical term or geographic name as entry element Dissertation, Academic.
-- 0000148155
908 ## - PUT COMMAND PARAMETER (RLIN)
Put command parameter 070510
950 ## - LOCAL HOLDINGS (RLIN)
-- 1
Holdings
Withdrawn status Lost status Source of classification or shelving scheme Not for loan Home library Current library Date acquired Total Checkouts Full call number Barcode Date last seen Date last checked out Price effective from Koha item type
    Library of Congress Classification   Kabarak, Main Campus Kabarak, Main Campus 17/12/2015 1 LB2369 .S94 2004 010237 31/05/2018 18/05/2018 17/12/2015 General Collection
Designed with assistance from East African Informatics Ltd